[Event "Saint Denis op"]
[Site "Saint Denis"]
[Date "2022.10.13"]
[Round "9"]
[White "Lallemand, Philippe"]
[Black "Riviere, Etienne"]
[Result "0-1"]
[WhiteElo "1840"]
[BlackElo "1886"]
[PlyCount "49"]
[EventDate "2022.10.13"]
[EventType "swiss"]
[EventRounds "9"]
[EventCountry "RUF"]
[SourceTitle "EXT 2024"]
[Source "ChessBase"]
[SourceDate "2023.10.10"]
[SourceVersion "1"]
[SourceVersionDate "2023.10.10"]
[SourceQuality "1"]

1. d4 d5 2. e3 Nf6 3. Nf3 c5 4. Nbd2 Nc6 5. c3 Qc7 6. Bd3 Bg4 7. Bb5 e6 8. Qa4 Nd7 9. 0-0 Be7 10. e4 0-0 11. exd5 Nb6 12. Qc2 Nxd5 13. Bd3 h6 14. Nb3 Bxf3 15. gxf3 Bd6 16. Nxc5 Bxh2+ 17. Kh1 Bf4 18. Qe2 Qe7 19. Rg1 Qh4+ 20. Kg2 Bxc1 21. Kf1 Bg5 22. Nxe6 Qh3+ 23. Rg2 fxe6 24. Qe4 Nf4 25. Qg6 0-1